000 00451nam a2200157Ia 4500
008 210716s1993 xx 000 0 und d
020 _a0030101999
041 _aeng
082 _a658.15 WESJ
100 _aWeston, J Fred;Besley, Scott;Brigham, Eugene F.
245 _aEssentials of managerial finance.
250 _a11
260 _aNew York
_bThe Dyden press
_c1993
300 _axxiii,788,,A9,B34,D9,I7
650 _aFinancial Management(658.15)
999 _c202916
_d202916